000 00893nam a22001937a 4500
005 20260305105906.0
008 240820b ||||| |||| 00| 0 eng d
082 _aDPer 155.205 J826 October-December 2020 v. 119 n. 4-6
100 _aCusimano, Corey.
_eauthor.
_958358
245 _aPeople judge others to have more voluntary control over beliefs than they themselves do /
_cCorey Cusimano, and Geoffrey P. Goodwin.
260 _aWashington, DC ;
_bAmerican Psychological Association ,
_cNovember 2020.
300 _aVolume 119, pages 999-1029 :
_billustration ;
_c28 cm.
500 _aJournal of Personality and Social Psychology, vol. 119, no. 5, pages 999-1029, November 2020.
650 _aSocial psychology.
_961140
650 _aAttitude (Psychology).
_961141
700 _aCusimano, Corey.
_eauthor.
_958358
700 _aGoodwin, Geoffrey P.
_eauthor.
_958359
942 _2ddc
_cPER
999 _c20660
_d20660